000 00826nam0a22002531 4500
001 rc\2780729
005 20250806210114.0
035 _a(NLR Aleph) 006906965
090 _a19409
_c19409
100 _a20110915d1942 u y0rusy50 ca
101 0 _arus
102 _aRU
105 _ay z |||||
200 1 _aМы победим!
_e[Материалы об Отечественной войне]
_fФедор Гладков
210 _aСвердловск
_cСвердлгиз
_d1942
215 _a45, [2] с.
_d16 см.
700 1 _aГладков
_bФ.В.
_f1883-1958
_gФедор Васильевич
801 0 _aRU
_bNLR
_gpsbo
801 1 _aRU
_bELAR
_2rusmarc
852 _aNLR
_jИр50 Г-2/785
942 _cBOOK
945 _aРоссийская национальная библиотека
980 _aNB
980 _aBV